000 00252nam a2200109Ia 4500
008 200302s9999 xx 000 0 und d
100 _aJeon Mi-Sook
245 _aEnvironment & Landscape
260 _bArchiworld Co. Ltd.
260 _c2006
300 _a287
999 _c3726
_d3726